Представление документа в формате MARC21

Поле Инд. ПП Название Значение
Тип записи a
Библиографический уровень m
001 Контрольный номер DU/593710436
005 Дата корректировки 20210929120443.3
008 Кодируемые данные 20181024
022 0_ a ISSN 2223-5477
041 0_ a Код языка текста rus
084 a Индекс другой классификации/Индекс ББК 88
090 a Полочн. индекс 95.2+88
099 a Индекс 43049
245 10 a Заглавие Психология. Историко-критические обзоры и современные исследования
b Продолж. заглавия журнал по психологическим наукам
n Номер части/ раздела №3A/2018. Т.7
c Ответственность учредитель: "Аналитика Родис"; гл. ред. И. Н. Семенов
260 c Дата издания 2018
b Издательство Аналитика Родис
a Место издания Ногинск
300 a Объем 82 с.
500 a Примечание Журнал
530 a Примеч. о доп. формах оглавление
650 14 a Основная рубрика психология
773 18 w Контрольный № источника DU/576772540
900 a Имя электронного ресурса P_psihologiya_ist_krit_ob_7_18
x Справочная информация оглавление
901 t Тип документа s
952 a Тип литературы для КСУ ВШ НЖ
991 s